| 000 | 00721nam a2200229 a 4500 | ||
|---|---|---|---|
| 001 | BRCA_4025 | ||
| 005 | 20190320204521.0 | ||
| 008 | 050210s1856----u--a######---#000-0#eng-# | ||
| 041 | _aeng | ||
| 044 | _au | ||
| 050 | 4 |
_aF1219 _b.M39 1856 |
|
| 100 | 1 |
_aMayer, Brantz _910463 |
|
| 245 | 1 | 0 |
_aObservations on Mexican history and archaeology, with a special notice of Zapotec remains, as delineated in Mr. J. G. Sawkins´s drawings of Mitla, etc. _cBrantz Mayer. |
| 260 |
_aWashington _bSmithsonian Institution _c1856 |
||
| 300 |
_a33 p. _bil _c33 cm |
||
| 500 | _aC110 | ||
| 650 | 1 | 4 |
_aZapotecas _910464 |
| 651 | 4 |
_aMéxico _xAntigüedades _92765 |
|
| 651 | 4 |
_aMéxico _xHistoria _9614 |
|
| 902 | _aGFM | ||
| 942 |
_2lcc _cB |
||
| 999 |
_c3749 _d3749 |
||